000 00584nam a22001937a 4500
005 20251108164256.0
008 250721s1993 xx 000 0 ara d
082 1 4 _a623.89/محم
100 1 _aطه، محمد يوسف
245 1 0 _aالمد :
_bالمد و الجزر /
264 1 _aالاسكندرية :
_bمنشأة المعارف،
_c1993.
300 _a189ص
650 1 7 _aالملاحة البحرية
650 1 7 _aالمد و الجزر
650 1 7 _aالهندسة البحرية
700 1 _aعبد العزيز، مصطفى
942 _2ddc
_cBK
999 _c8122
_d8122